Pasión por lo posible. Aylwin, la transición y la concertación

Gorde:
Xehetasun bibliografikoak
Egile nagusia: Walker, Ignacio
Formatua: Liburua
Hizkuntza:ingelesa
Argitaratua: Santiago, Chile Ediciones Universidad Diego Portales, 2020
Edizioa:1a.edición
Gaiak:
Etiketak: Etiketa erantsi
Etiketarik gabe, Izan zaitez lehena erregistro honi etiketa jartzen!

MARC

LEADER 00000nam a22000007a 4500
003 CL-VaPUC
005 20241004095827.0
008 210624b ||||| |||| 00| 0 eng d
999 |c 433262  |d 433260 
040 |c Pontificia Universidad Católica de Valparaíso 
082 |a 320.983 WAL 2020 
100 1 |a Walker, Ignacio   |9 857401 
245 |a Pasión por lo posible.   |b Aylwin, la transición y la concertación  
250 |a 1a.edición  
260 |a Santiago, Chile   |b Ediciones Universidad Diego Portales,  |c 2020 
300 |a 218 páginas  
583 |c 20210624  |k Cristina Rojas 
600 0 |a Aylwin Azócar, Patricio,  |d 1918-2016  |9 368860 
650 0 |a Derechos humanos  |9 223025  |z Chile  
650 0 |a Partidos por la democracia  |z Chile   |9 862027 
651 |a Chile   |x Política y gobierno  |y 1980-2000  |9 862028 
942 |2 ddc  |c BK 
952 |0 0  |1 0  |2 ddc  |4 0  |6 320_983000000000000_WAL_2020  |7 0  |8 A  |9 578285  |a BIBHIS  |b BIBHIS  |d 2021-06-24  |i 5585171  |l 6  |m 3  |o 320.983 WAL 2020  |p 5585171  |r 2025-01-20  |s 2024-09-12  |w 2021-06-24  |y BK  |k HIS